000
00253nam a22000977a 4500
008
260413b |||||||| |||| 00| 0 eng d
020
_a
9788176557962
100
_a
Pilkey Dav
_9
7862
245
_a
Dog Man Fetch-22 (Part-8)
260
_a
India
_b
Scholastic
_c
2024
999
_c
12861
_d
12861